Dark Type Pokemon Abilities - Statistics

General Stats
  • This quiz has been taken 56 times
  • The average score is 62 of 92
Answer Stats
Gen Ability % Correct
3 Intimidate
100%
5 Moxie
100%
6 Contrary
94%
3 Pressure
94%
4 Super Luck
94%
5 Hustle
89%
5 Pickpocket
89%
3 Sand Stream
89%
7 Beast Boost
83%
3 Keen Eye
83%
9 Overgrow
83%
7 Pickup
83%
5 Prankster
83%
6 Protean
83%
3 Rough Skin
83%
6 Suction Cups
83%
6 Torrent
83%
9 Vessel of Ruin
83%
4 Bad Dreams
78%
9 Beads of Ruin
78%
7 Blaze
78%
5 Levitate
78%
6 Magic Bounce
78%
3 Sand Veil
78%
9 Sword of Ruin
78%
9 Tablets of Ruin
78%
5 Unnerve
78%
5 Anger Point
72%
6 Dark Aura
72%
5 Defiant
72%
3 Flash Fire
72%
5 Limber
72%
4 Multitype
72%
7 Poison Touch
72%
9 Protosynthesis
72%
9 Quark Drive
72%
7 RKS System
72%
3 Run Away
72%
5 Shed Skin
72%
4 Stall
72%
6 Strong Jaw
72%
8 Swift Swim
72%
9 Guard Dog
67%
8 Guts
67%
3 Hyper Cutter
67%
5 Illusion
67%
5 Infiltrator
67%
5 Justified
67%
5 Overcoat
67%
4 Stench
67%
9 Supreme Overlord
67%
3 Synchronize
67%
5 Water Absorb
67%
5 Big Pecks
61%
7 Fur Coat
61%
7 Gluttony
61%
8 Hunger Switch
61%
6 Iron Fist
61%
6 Magician
61%
8 Poison Point
61%
7 Power of Alchemy
61%
9 Sharpness
61%
4 Sniper
61%
5 Unburden
61%
4 Aftermath
56%
3 Chlorophyll
56%
3 Inner Focus
56%
3 Insomnia
56%
8 Leaf Guard
56%
4 Quick Feet
56%
8 Reckless
56%
3 Shell Armor
56%
6 Solar Power
56%
5 Speed Boost
56%
8 Stakeout
56%
9 Swarm
56%
7 Technician
56%
9 Tinted Lens
56%
8 Unseen Fist
56%
5 Weak Armor
56%
5 Adaptability
50%
4 Battle Armor
50%
8 Berserk
50%
3 Early Bird
50%
8 Frisk
50%
6 Mold Breaker
50%
9 Rocky Payload
50%
6 Scrappy
50%
7 Thick Fat
50%
7 Battle Bond
44%
9 Wind Rider
44%
5 Rattled
39%
No matching quizzes found
Score Distribution
Percent of People with Each Score
Percentile by Number Answered
Your Score History
You have not taken this quiz